Capitali del mondo - Statistics

Statistiche generali
  • Questo quiz è stato fatto 27.423 volte
    27.353 dall'ultimo reset
  • Il punteggio medio è 81 su 195
Statistiche sulle risposte
Paese Capitale % Corretto
Albania Tirana
91%
Austria Vienna
86%
Francia Parigi
85%
Italia Roma
85%
Algeria Algeri
84%
Brasile Brasilia
84%
Belgio Bruxelles
84%
Argentina Buenos Aires
84%
Germania Berlino
82%
Cina Pechino
81%
Grecia Atene
80%
Australia Canberra
80%
Giappone Tokyo
80%
Canada Ottawa
78%
Repubblica Ceca Praga
77%
Finlandia Helsinki
76%
Egitto Il Cairo
76%
Regno Unito Londra
76%
Russia Mosca
76%
Bulgaria Sofia
76%
Portogallo Lisbona
75%
Spagna Madrid
75%
Danimarca Copenaghen
74%
Irlanda Dublino
74%
Afghanistan Kabul
74%
Norvegia Oslo
74%
Corea del Sud Seul
74%
Paesi Bassi Amsterdam
73%
Messico Città del Messico
73%
Lettonia Riga
72%
Romania Bucarest
71%
Andorra Andorra la Vella
70%
Lussemburgo Lussemburgo
70%
Bosnia ed Erzegovina Sarajevo
70%
Croazia Zagabria
70%
Israele Gerusalemme
68%
Bielorussia Minsk
68%
Monaco Monaco
68%
Polonia Varsavia
67%
Svizzera Berna
66%
Ungheria Budapest
66%
Svezia Stoccolma
66%
Colombia Bogotá
65%
Ucraina Kiev
65%
Malta La Valletta
65%
India Nuova Delhi
64%
Tunisia Tunisi
62%
Stati Uniti Washington D.C.
62%
Città del Vaticano Città del Vaticano
61%
Perù Lima
61%
Marocco Rabat
60%
Azerbaigian Baku
59%
Cipro Nicosia
59%
Turchia Ankara
57%
Cuba L'Avana
57%
Lituania Vilnius
57%
Emirati Arabi Uniti Abu Dhabi
56%
Serbia Belgrado
56%
Corea del Nord Pyongyang
56%
Estonia Tallinn
56%
Filippine Manila
55%
Cile Santiago del Cile
54%
Kenya Nairobi
53%
Singapore Singapore
53%
Macedonia Skopje
53%
Iraq Baghdad
52%
Liechtenstein Vaduz
52%
Bolivia La Paz
51%
Slovenia Lubiana
51%
Islanda Reykjavík
51%
Iran Teheran
51%
Libia Tripoli
51%
Indonesia Giacarta
50%
Arabia Saudita Riyād
50%
Panamá Panamá
49%
Ecuador Quito
49%
Libano Beirut
48%
Slovacchia Bratislava
48%
El Salvador San Salvador
48%
Madagascar Antananarivo
46%
Bangladesh Dacca
46%
Repubblica Dominicana Santo Domingo
46%
Nuova Zelanda Wellington
46%
Venezuela Caracas
45%
Siria Damasco
45%
Uruguay Montevideo
45%
Tailandia Bangkok
44%
Qatar Doha
44%
Giamaica Kingston
44%
Etiopia Addis Abeba
43%
Armenia Erevan
42%
Montenegro Podgorica
42%
Georgia Tbilisi
42%
Moldavia Chișinău
41%
San Marino Città di San Marino
41%
Angola Luanda
40%
Pakistan Islamabad
39%
Giordania Amman
38%
Sudafrica Pretoria
37%
Senegal Dakar
36%
Gibuti Gibuti
36%
Ghana Accra
35%
Kazakistan Astana
35%
Guatemala Città del Guatemala
35%
Maldive Malé
35%
Bahamas Nassau
35%
Costa Rica San José
35%
Guinea-Bissau Bissau
34%
Malesia Kuala Lumpur
34%
Paraguay Asunción
33%
Vietnam Hanoi
33%
Taiwan Taipei
33%
Mongolia Ulan Bator
33%
Repubblica Democratica del Congo Kinshasa
32%
Haiti Port-au-Prince
32%
Eritrea Asmara
30%
Repubblica del Congo Brazzaville
30%
Bahrein Manama
30%
Somalia Mogadiscio
30%
Capo Verde Praia
30%
Belize Belmopan
29%
Nepal Kathmandu
28%
Antigua e Barbuda Saint John's
28%
Honduras Tegucigalpa
28%
Camerun Yaoundé
28%
Botswana Gaborone
27%
Guyana Georgetown
26%
Gabon Libreville
26%
Burkina Faso Ouagadougou
26%
Barbados Bridgetown
25%
Sierra Leone Freetown
25%
Nicaragua Managua
25%
Ciad N'Djamena
25%
Cambogia Phnom Penh
25%
Benin Porto-Novo
25%
Yemen San'a
25%
Nigeria Abuja
24%
Comore Moroni
24%
São Tomé e Príncipe São Tomé
24%
Bhutan Thimphu
24%
Laos Vientiane
23%
Oman Mascate
22%
Liberia Monrovia
22%
Figi Suva
22%
Seychelles Victoria
21%
Saint Vincent e Grenadine Kingstown
20%
Mozambico Maputo
20%
Dominica Roseau
20%
Repubblica Centrafricana Bangui
19%
Zimbabwe Harare
19%
Brunei Bandar Seri Begawan
18%
Guinea Conakry
18%
Papua Nuova Guinea Port Moresby
18%
Grenada Saint George's
18%
Costa d'Avorio Yamoussoukro
18%
Gambia Banjul
17%
Kirghizistan Bishkek
17%
Burundi Bujumbura
17%
Suriname Paramaribo
17%
Uzbekistan Tashkent
17%
Birmania Naypyidaw
16%
Mauritius Port Louis
16%
Namibia Windhoek
16%
Mali Bamako
15%
Timor Est Dili
15%
Ruanda Kigali
15%
Togo Lomé
15%
Guinea Equatoriale Malabo
15%
Lesotho Maseru
15%
Niger Niamey
15%
Trinidad e Tobago Porto di Spagna
15%
Saint Kitts e Nevis Basseterre
14%
Tanzania Dodoma
14%
Uganda Kampala
14%
Sudan Khartum
14%
Malawi Lilongwe
14%
Zambia Lusaka
14%
Turkmenistan Ashgabat
13%
Sudan del Sud Giuba
13%
Kuwait Madinat al-Kuwait
13%
Samoa Apia
12%
Santa Lucia Castries
12%
Mauritania Nouakchott
12%
Micronesia Palikir
12%
Isole Marshall Majuro
11%
Swaziland Mbabane
11%
Sri Lanka Sri Jayawardenapura Kotte
11%
Tagikistan Dušanbe
10%
Vanuatu Port Vila
10%
Nauru Yaren
10%
Tuvalu Funafuti
9%
Isole Salomone Honiara
9%
Tonga Nuku'alofa
8%
Kiribati Bairiki
7%
Palau Melekeok
5%
Nessun quiz corrispondente trovato
Distribuzione punteggi
Percentuale di utenti per punteggio
Percentile per numero di risposta
I tuoi punteggi nel tempo
Non hai fatto questo quiz dall'ultimo reset